| 000 | 00492nam a2200145Ia 4500 | ||
|---|---|---|---|
| 008 | 140724s9999 xx 000 0 und d | ||
| 050 |
_aRC 584 _b.G216 2008 |
||
| 100 | _aGarcia, Cristina Anne J. | ||
| 245 |
_aCaffeine in coffee and its effects on short-term memory enhancement / _cCristina Anne J. Garcia. |
||
| 260 |
_aLas PiƱas, Philippines : _bSouthville International School and Colleges, _cc2008. |
||
| 300 |
_a95 p. : _c28 cm. |
||
| 521 | _aNursing | ||
| 942 | _cTH | ||
| 999 |
_c228676 _d228676 |
||